000
00270 a2200133 4500
001
194807
040
_c
Magnum
100
_a
Abreu, Casimiro de
240
1
0
_a
As primaveras
_l
por
245
1
0
_a
As primaveras
300
_a
94
697
_a
LITERATURA GERAL
942
_c
BK
999
_c
194807
_d
194807